Delené pracovné miesto
Delené pracovné miesto je pracovné miesto, na ktorom pracujú dvaja alebo aj viacerí zamestnanci. Je vhodné pre zamestnávanie zamestnancov s malými deťmi, študentov..., ako aj osôb, ktoré sa pripravujú na odchod do dôchodku. Zaradenie zamestnanca na delené pracovné miesto, rozdelenie pracovnej náplne...
Salvato in:
| Autore principale: | |
|---|---|
| Natura: | Capitolo di libro |
| Lingua: | slovacco |
| Soggetti: | |
| Tags: |
Nessun Tag, puoi essere il primo ad aggiungerne!!
|
MARC
| LEADER | 00000naa a2200000 4500 | ||
|---|---|---|---|
| 001 | 0200621 | ||
| 005 | 20231120134835.4 | ||
| 041 | 0 | |a slo | |
| 044 | |a SK | ||
| 245 | 1 | 0 | |a Delené pracovné miesto |c Jana Žuľová |
| 520 | |a Delené pracovné miesto je pracovné miesto, na ktorom pracujú dvaja alebo aj viacerí zamestnanci. Je vhodné pre zamestnávanie zamestnancov s malými deťmi, študentov..., ako aj osôb, ktoré sa pripravujú na odchod do dôchodku. Zaradenie zamestnanca na delené pracovné miesto, rozdelenie pracovnej náplne, zánik deleného pracovného miesta. | ||
| 610 | 2 | 0 | |a pomer pracovný |
| 610 | 2 | 0 | |a miesta pracovné |
| 100 | 1 | |a Žuľová, Jana | |